UBT Library

Hanbook of Thermal Analysis and Calorimetry (Record no. 39944)

000 -LEADER
fixed length control field 00310nam a22001337a 4500
008 - FIXED-LENGTH DATA ELEMENTS--GENERAL INFORMATION
fixed length control field 180109b xxu||||| |||| 00| 0 eng d
020 ## - INTERNATIONAL STANDARD BOOK NUMBER
International Standard Book Number 044482058x
041 ## - LANGUAGE CODE
Language code of text/sound track or separate title eng
080 ## - UNIVERSAL DECIMAL CLASSIFICATION NUMBER
Universal Decimal Classification number 541
100 ## - Rafti
Rafti 12
101 ## - Shkurtesa
Shkurtesa KIM
245 ## - TITLE STATEMENT
Title Hanbook of Thermal Analysis and Calorimetry
Statement of responsibility, etc Brown, M,E
942 ## - ADDED ENTRY ELEMENTS (KOHA)
Source of classification or shelving scheme
Item type Books
Holdings
Withdrawn status Lost status Source of classification or shelving scheme Damaged status Not for loan Collection code Permanent location Current location Shelving location Date acquired Total Checkouts Full call number Barcode Date last seen Price effective from Koha item type
          Koleksioni i përgjithshem UBT - Lipjan UBT - Lipjan Koleksioni i përgjithshem 01/09/2018   541 BRO 002-2995204 01/09/2018 01/09/2018 Books
UBT Library © 2015-2024. All rights reserved University Education for Business and Technology